FIABCI Bulletin (Record no. 119139)

MARC details
000 -LEADER
fixed length control field 00472cas a22001815a 4500
001 - CONTROL NUMBER
control field L139853
008 - FIXED-LENGTH DATA ELEMENTS--GENERAL INFORMATION
fixed length control field 070815c1960 fr qr p 0 a0eng u
035 ## - SYSTEM CONTROL NUMBER
System control number (Sirsi) u139853
041 0# - LANGUAGE CODE
Language code of text/sound track or separate title eng
110 2# - MAIN ENTRY--CORPORATE NAME
Corporate name or jurisdiction name as entry element International Real Estate Federation
245 00 - TITLE STATEMENT
Title FIABCI Bulletin
260 ## - PUBLICATION, DISTRIBUTION, ETC.
Place of publication, distribution, etc. Reims
Name of publisher, distributor, etc. FIABCI
Date of publication, distribution, etc. 1960-
362 0# - DATES OF PUBLICATION AND/OR SEQUENTIAL DESIGNATION
Dates of publication and/or sequential designation New series (3) April/June 1960-(20) October 1965
554 ## -
-- Four per year
651 #4 - SUBJECT ADDED ENTRY--GEOGRAPHIC NAME
Geographic name International
690 ## - LOCAL SUBJECT ADDED ENTRY--TOPICAL TERM (OCLC, RLIN)
Topical term or geographic name as entry element PROPERTY
942 ## - ADDED ENTRY ELEMENTS (KOHA)
Suppress in OPAC 0
Holdings
Withdrawn status Lost status Source of classification or shelving scheme Damaged status Not for loan Home library Current library Shelving location Date acquired Total Checkouts Full call number Barcode Date last seen Price effective from Koha item type
    Dewey Decimal Classification     London London Basement 15/08/2007   FIABCI BULLETIN 139853-1001 06/08/2019 06/08/2019 Journal